Cómputo de votos y declaratorias de elección 2002. Provincia de Heredia: alcaldías, síndicos(as) y concejales de distrito
Saved in:
| Format: | Text |
|---|---|
| Subjects: | |
| Tags: |
Add Tag
No Tags, Be the first to tag this record!
|
MARC
| LEADER | 00000 a a2200000 04500 | ||
|---|---|---|---|
| 001 | 42816 | ||
| 003 | |||
| 040 | |||
| 245 | |a Cómputo de votos y declaratorias de elección 2002. Provincia de Heredia: |b alcaldías, síndicos(as) y concejales de distrito | ||
| 650 | |a ELECCIONES | ||
| 650 | |a VOTACION | ||
| 650 | |a GOBIERNO LOCAL | ||
| 650 | |a HEREDIA | ||
| 650 | |a ALCALDIAS | ||
| 773 | |g volumen4, número1 (2002 ) | ||
| 999 | |c 38144 |d 38144 | ||
